[Event "DOM-ch"]
[Site "Santo Domingo"]
[Date "2016.04.17"]
[Round "11"]
[White "Garcia, Alejandro"]
[Black "Payan del Rio, Luis Horacio"]
[Result "1/2-1/2"]
[WhiteElo "1891"]
[BlackElo "1658"]
[PlyCount "50"]
[EventDate "2016.04.01"]
[EventType "swiss"]
[EventRounds "11"]
[EventCountry "DOM"]
[SourceTitle "CBM 171 Extra"]
[Source "ChessBase"]
[SourceDate "2016.04.26"]
[SourceVersion "1"]
[SourceVersionDate "2016.04.26"]
[SourceQuality "1"]

1. d4 Nf6 2. c4 e6 3. Nc3 Bb4 4. Bd2 0-0 5. Nf3 Re8 6. e3 Nc6 7. Be2 d5 8. 0-0 e5 9. dxe5 Nxe5 10. Nxe5 Rxe5 11. cxd5 Bxc3 12. Bxc3 Rg5 13. Bf3 Qd6 14. g3 Bh3 15. Bg2 Bxg2 16. Kxg2 Rxd5 17. Qf3 Nh5 18. Rad1 Rd8 19. Rxd5 Qxd5 20. e4 Qg5 21. h4 Qh6 22. Rd1 Rf8 23. Rd7 Qc6 24. Rd5 g6 25. g4 Ng7 1/2-1/2

[Event "OP-2015-0-03668"]
[Site "LSS email"]
[Date "2015.03.10"]
[Round "?"]
[White "Garcia, Alejandro"]
[Black "Vergara Rodriguez, Jose Antonio"]
[Result "0-1"]
[WhiteElo "867"]
[BlackElo "1613"]
[PlyCount "36"]
[EventDate "2015.03.05"]
[EventType "tourn (corr)"]
[EventRounds "4"]
[EventCountry "GER"]
[SourceTitle "Corr 2022"]
[Source "ChessBase"]
[SourceDate "2021.10.24"]
[SourceVersion "1"]
[SourceVersionDate "2021.10.24"]
[SourceQuality "1"]

1. e4 d6 2. d4 Nf6 3. Nc3 g6 4. Be3 c6 5. Nf3 Bg7 6. Qd2 b5 7. 0-0-0 b4 8. Na4 Qa5 9. b3 Nxe4 10. Qd3 d5 11. h4 Ba6 12. c4 bxc3 13. Qc2 Bb5 14. Bxb5 cxb5 15. Nc5 Nxc5 16. dxc5 Nc6 17. Rxd5 Nb4 18. Qxc3 Nxa2+ 0-1

[Event "SN-2015-0-00658"]
[Site "LSS email"]
[Date "2015.01.30"]
[Round "?"]
[White "Gorman, Andrew"]
[Black "Garcia, Alejandro"]
[Result "1-0"]
[WhiteElo "933"]
[BlackElo "849"]
[PlyCount "77"]
[EventDate "2015.01.17"]
[EventType "tourn (corr)"]
[EventRounds "6"]
[EventCountry "GER"]
[SourceTitle "Corr 2022"]
[Source "ChessBase"]
[SourceDate "2021.10.24"]
[SourceVersion "1"]
[SourceVersionDate "2021.10.24"]
[SourceQuality "1"]

1. e4 e5 2. Nf3 Nc6 3. Nc3 Nf6 4. Bb5 a6 5. Bxc6 bxc6 6. Nxe5 Bd6 7. Nc4 Bb4 8. 0-0 0-0 9. d3 d5 10. exd5 cxd5 11. Ne5 Qd6 12. Bf4 Bxc3 13. bxc3 Bf5 14. Ng6 Qc5 15. Nxf8 Kxf8 16. Be5 Nd7 17. Bd4 Qd6 18. Qh5 Bg6 19. Qf3 Ne5 20. Bxe5 Qxe5 21. c4 Rd8 22. Rae1 Qf5 23. Qxf5 Bxf5 24. Re5 Be6 25. cxd5 Rxd5 26. Rxd5 Bxd5 27. c4 Bb7 28. Re1 c6 29. c5 a5 30. a3 Ba6 31. d4 Bb5 32. f4 Bd3 33. Kf2 Bc4 34. g4 g6 35. Ke3 Ke7 36. Ke4 Kf6 37. g5+ Ke6 38. Kf3+ Kf5 39. Re5# 1-0

[Event "SN-2015-0-00658"]
[Site "LSS email"]
[Date "2015.01.29"]
[Round "?"]
[White "Garcia, Alejandro"]
[Black "Sagis, Raju"]
[Result "1-0"]
[WhiteElo "849"]
[BlackElo "333"]
[PlyCount "37"]
[EventDate "2015.01.17"]
[EventType "tourn (corr)"]
[EventRounds "6"]
[EventCountry "GER"]
[SourceTitle "Corr 2022"]
[Source "ChessBase"]
[SourceDate "2021.10.24"]
[SourceVersion "1"]
[SourceVersionDate "2021.10.24"]
[SourceQuality "1"]

1. e4 e5 2. Nf3 Nf6 3. d4 Bd6 4. Nbd2 Nxe4 5. Nxe4 0-0 6. Bc4 Nc6 7. 0-0 Nxd4 8. Nxd6 cxd6 9. Nxd4 exd4 10. Qxd4 Qe7 11. Bf4 Qe2 12. Bxe2 Re8 13. Rfe1 b6 14. Bf3 Ba6 15. Bxa8 Rxa8 16. Qe3 g6 17. Bh6 f5 18. Rad1 Bc4 19. Qd4 1-0

[Event "SN-2015-0-00658"]
[Site "LSS email"]
[Date "2015.01.29"]
[Round "?"]
[White "Raines, David T"]
[Black "Garcia, Alejandro"]
[Result "1-0"]
[WhiteElo "1108"]
[BlackElo "849"]
[PlyCount "35"]
[EventDate "2015.01.17"]
[EventType "tourn (corr)"]
[EventRounds "6"]
[EventCountry "GER"]
[SourceTitle "Corr 2022"]
[Source "ChessBase"]
[SourceDate "2021.10.24"]
[SourceVersion "1"]
[SourceVersionDate "2021.10.24"]
[SourceQuality "1"]

1. e4 e5 2. Nf3 Nc6 3. Bb5 a6 4. Ba4 b5 5. Bb3 Bb7 6. c3 Nf6 7. Bc2 Bc5 8. 0-0 0-0 9. d4 exd4 10. cxd4 Ba7 11. Bg5 h6 12. Bh4 g5 13. Bg3 Nh5 14. Nc3 Nxg3 15. hxg3 Ne7 16. Qd3 d5 17. exd5 Nxd5 18. Qh7# 1-0

[Event "RN-2014-0-00904"]
[Site "LSS email"]
[Date "2015.01.05"]
[Round "?"]
[White "Garcia, Alejandro"]
[Black "Vonkock, Richard"]
[Result "1-0"]
[WhiteElo "769"]
[BlackElo "790"]
[PlyCount "43"]
[EventDate "2014.12.28"]
[EventType "tourn (corr)"]
[EventRounds "6"]
[EventCountry "GER"]
[SourceTitle "Corr 2015"]
[Source "ChessBase"]
[SourceDate "2015.07.17"]
[SourceVersion "1"]
[SourceVersionDate "2015.07.17"]
[SourceQuality "1"]

1. e4 e5 2. Nf3 Nf6 3. Nc3 Bc5 4. Bc4 Ng4 5. d4 exd4 6. Nxd4 Qf6 7. Be3 Nc6 8. Qxg4 d5 9. Nxd5 Qe5 10. Nxc6 bxc6 11. Qf4 Qd6 12. Qxd6 Bxd6 13. 0-0-0 cxd5 14. Bb5+ Bd7 15. Bxd7+ Kxd7 16. exd5 Rhc8 17. Bd4 c6 18. dxc6+ Kxc6 19. g3 a5 20. Rhe1 a4 21. Bxg7 a3 22. b3 1-0

[Event "OP-2014-0-03595"]
[Site "LSS email"]
[Date "2015.01.01"]
[Round "?"]
[White "Bachmann, Bernd"]
[Black "Garcia, Alejandro"]
[Result "1-0"]
[WhiteElo "2296"]
[BlackElo "769"]
[PlyCount "53"]
[EventDate "2014.12.20"]
[EventType "tourn (corr)"]
[EventRounds "4"]
[EventCountry "GER"]
[SourceTitle "Corr 2015"]
[Source "ChessBase"]
[SourceDate "2015.07.17"]
[SourceVersion "1"]
[SourceVersionDate "2015.07.17"]
[SourceQuality "1"]

1. e4 c5 2. Nf3 d6 3. d4 cxd4 4. Nxd4 Nf6 5. Nc3 a6 6. h3 e5 7. Nb3 Be6 8. Bd3 Be7 9. 0-0 0-0 10. Nd5 Bxd5 11. exd5 Nxd5 12. Be4 Nb6 13. Bxb7 Ra7 14. Bf3 Rc7 15. Re1 Re8 16. Na5 Qd7 17. b3 Qf5 18. Be3 N8d7 19. Bc6 e4 20. Bxb6 Nxb6 21. Bxe8 Qxa5 22. Rxe4 Kf8 23. Ba4 d5 24. Re3 Nxa4 25. bxa4 Bf6 26. Rb1 d4 27. Rb8+ 1-0

[Event "RN-2014-0-00899"]
[Site "LSS email"]
[Date "2014.12.28"]
[Round "?"]
[White "Mauer, Klaus"]
[Black "Garcia, Alejandro"]
[Result "1-0"]
[WhiteElo "1575"]
[BlackElo "769"]
[PlyCount "51"]
[EventDate "2014.12.22"]
[EventType "tourn (corr)"]
[EventRounds "6"]
[EventCountry "GER"]
[SourceTitle "Corr 2015"]
[Source "ChessBase"]
[SourceDate "2015.07.17"]
[SourceVersion "1"]
[SourceVersionDate "2015.07.17"]
[SourceQuality "1"]

1. e4 c5 2. Nf3 Nc6 3. d4 cxd4 4. Nxd4 d6 5. Nc3 Nf6 6. Bg5 e6 7. Qd2 Be7 8. 0-0-0 Ng4 9. Bxe7 Qxe7 10. h3 Nxd4 11. hxg4 e5 12. Nd5 Qd8 13. c3 Bxg4 14. cxd4 Bxd1 15. Bb5+ Kf8 16. Rxd1 Rc8+ 17. Kb1 f6 18. dxe5 fxe5 19. f4 Rc5 20. fxe5 Rxb5 21. Rf1+ Ke8 22. Qf2 Qd7 23. e6 Qxe6 24. Nc7+ Ke7 25. Nxe6 Kxe6 26. Qf7+ 1-0

[Event "RN-2014-0-00899"]
[Site "LSS email"]
[Date "2014.12.28"]
[Round "?"]
[White "Venturas, Bob"]
[Black "Garcia, Alejandro"]
[Result "0-1"]
[WhiteElo "745"]
[BlackElo "769"]
[PlyCount "70"]
[EventDate "2014.12.22"]
[EventType "tourn (corr)"]
[EventRounds "6"]
[EventCountry "GER"]
[SourceTitle "Corr 2015"]
[Source "ChessBase"]
[SourceDate "2015.07.17"]
[SourceVersion "1"]
[SourceVersionDate "2015.07.17"]
[SourceQuality "1"]

1. e4 c5 2. Bc4 d6 3. h3 e6 4. d4 cxd4 5. Qxd4 Nc6 6. Qd1 Nf6 7. Nc3 Be7 8. Bd2 a6 9. Nf3 b5 10. Bb3 Bb7 11. 0-0 0-0 12. a3 Qc7 13. Qe2 Qb6 14. Be3 Qc7 15. Rad1 Rad8 16. Nd4 Nxd4 17. Bxd4 Nd7 18. f3 Bf6 19. Qd2 Bxd4+ 20. Qxd4 Qb6 21. Qxb6 Nxb6 22. Ba2 Rd7 23. f4 Rfd8 24. Kh2 d5 25. e5 d4 26. Ne2 d3 27. cxd3 Rxd3 28. Rxd3 Rxd3 29. Nc1 Rd2 30. Rg1 Rxb2 31. h4 Nd5 32. Kg3 f5 33. Bxd5 Bxd5 34. Nd3 Rb3 35. Rd1 Bc4 0-1

[Event "RN-2014-0-00899"]
[Site "LSS email"]
[Date "2014.12.27"]
[Round "?"]
[White "Garcia, Alejandro"]
[Black "Lenz, Juergen"]
[Result "0-1"]
[WhiteElo "769"]
[BlackElo "905"]
[PlyCount "68"]
[EventDate "2014.12.22"]
[EventType "tourn (corr)"]
[EventRounds "6"]
[EventCountry "GER"]
[SourceTitle "Corr 2015"]
[Source "ChessBase"]
[SourceDate "2015.07.17"]
[SourceVersion "1"]
[SourceVersionDate "2015.07.17"]
[SourceQuality "1"]

1. e4 Nf6 2. Nc3 d5 3. e5 Nfd7 4. d4 c5 5. Bb5 cxd4 6. Qxd4 e6 7. Nf3 Nc6 8. Bxc6 bxc6 9. Bg5 Qa5 10. 0-0 Ba6 11. Rfe1 Bc5 12. Qa4 Qb6 13. Rab1 Bxf2+ 14. Kh1 Bxe1 15. Nxe1 h6 16. Be3 Qb7 17. b4 Bc4 18. b5 c5 19. Nd3 Qb6 20. Nb2 Nxe5 21. Nxc4 Nxc4 22. Bf2 Nd6 23. Qg4 0-0 24. a4 d4 25. Ne2 Nf5 26. c3 Rad8 27. cxd4 cxd4 28. Rd1 Rd5 29. Nf4 Rd7 30. Nd3 Qd6 31. Nf4 Qe5 32. Nh5 Rfd8 33. Bg3 Qe3 34. Rf1 Qg5 0-1